Online
Catalog

Si Dios quiere y otros versos por encargo / (Record no. 9928)

MARC details
000 -CABECERA
campo de control de longitud fija 01203nam a2200301 a 4500
001 - NÚMERO DE CONTROL
campo de control 000010169
003 - IDENTIFICADOR DEL NÚMERO DE CONTROL
campo de control DO-SdBNP
005 - FECHA Y HORA DE LA ÚLTIMA TRANSACCIÓN
campo de control 20250213082607.0
008 - DATOS DE LONGITUD FIJA--INFORMACIÓN GENERAL
campo de control de longitud fija 091005s1992 dr 000 p spa d
020 ## - NÚMERO INTERNACIONAL ESTÁNDAR DEL LIBRO
Número Internacional Estándar del Libro 9768156627
040 ## - FUENTE DE LA CATALOGACIÓN
Centro catalogador/agencia de origen DO-SdBNP
Lengua de catalogación spa
Centro/agencia transcriptor BNPHU
082 ## - NÚMERO DE LA CLASIFICACIÓN DECIMAL DEWEY
Número de clasificación RD861.44
Número de documento/Ítem G633si
100 1# - ENTRADA PRINCIPAL--NOMBRE DE PERSONA
Nombre de persona Gómez Rosa, Alexis,
Fechas asociadas al nombre 1950-
9 (RLIN) 23501
245 10 - MENCIÓN DE TÍTULO
Título Si Dios quiere y otros versos por encargo /
Mención de responsabilidad, etc. Alexis Gómez Rosa ; edición Miguel Aníbal Perdomo, Luis Manuel Ledesma.
264 #1 - PRODUCCIÓN, PUBLICACIÓN, DISTRIBUCIÓN, FABRICACIÓN Y COPYRIGHT
Producción, publicación, distribución, fabricación y copyright Santo Domingo :
Nombre del de productor, editor, distribuidor, fabricante Secretaría de Estado de Educación, Bellas Artes y Cultos,
Fecha de producción, publicación, distribución, fabricación o copyright 1992.
300 ## - DESCRIPCIÓN FÍSICA
Extensión 116 p. ;
Dimensiones 21 cm.
500 ## - NOTA GENERAL
Nota general Incluye datos biográficos del autor.
500 ## - NOTA GENERAL
Nota general Feria Nacional del Libro "Ercilia Pepín".
586 ## - NOTA DE PREMIOS
Nota de premios Premio Anual de Poesía Salomé Ureña de Henríquez 1991-1992.
590 ## - NOTA LOCAL (RLIN)
Nota local Inventariado, 2018/LP
650 #0 - PUNTO DE ACCESO ADICIONAL DE MATERIA--TÉRMINO DE MATERIA
Término de materia o nombre geográfico como elemento de entrada Poesía dominicana
9 (RLIN) 66
650 #0 - PUNTO DE ACCESO ADICIONAL DE MATERIA--TÉRMINO DE MATERIA
Término de materia o nombre geográfico como elemento de entrada Literatura dominicana.
9 (RLIN) 67
700 12 - PUNTO DE ACCESO ADICIONAL--NOMBRE DE PERSONA
Nombre de persona Perdomo, Miguel Aníbal,
Fechas asociadas al nombre 1949-
Término indicativo de función/relación ed.
9 (RLIN) 6428
700 12 - PUNTO DE ACCESO ADICIONAL--NOMBRE DE PERSONA
Nombre de persona Ledesma, Luis Manuel,
Término indicativo de función/relación ed.
9 (RLIN) 25167
710 1# - PUNTO DE ACCESO ADICIONAL--NOMBRE DE ENTIDAD CORPORATIVA
Nombre de entidad corporativa o nombre de jurisdicción como elemento de entrada República Dominicana.
Unidad subordinada Secretaría de Estado de Educación, Bellas Artes y Cultos
9 (RLIN) 23965
910 ## - DATOS DE OPCIÓN DEL USUARIO (OCLC)
Datos de opción del usuario Validado. Control de calidad. MMOLINA
942 ## - ELEMENTOS DE PUNTO DE ACCESO ADICIONAL (KOHA)
Fuente del sistema de clasificación o colocación Dewey Decimal Classification
Tipo de ítem Koha Libro
Holdings
Estado de retiro Estado de pérdida No para préstamo Código de colección Localización permanente Ubicación/localización actual Ubicación en estantería Fecha de adquisición Número de inventario Total de préstamos Signatura topográfica completa Código de barras Fecha visto por última vez Precio válido a partir de Tipo de ítem Koha Número de copia Restricciones de uso Nota pública
    Excluido de préstamo Patrimonio Dominicano Patrimonio Dominicano Patrimonio Dominicano Depósito 05.10.2009 LF1   RD861.44 G633si 10169-10 25.06.2020 25.06.2020 Libro y Folleto Colección Patrimonio Dominicano      
    Excluido de préstamo Patrimonio Dominicano Patrimonio Dominicano Patrimonio Dominicano Depósito 05.10.2009 LF1   RD861.44 G633si 10169-20 25.06.2020 25.06.2020 Libro y Folleto Colección Patrimonio Dominicano e. 2    
      Dominicana de Servicio Patrimonio Dominicano Patrimonio Dominicano Depósito 01.07.2015 LF1   RD861.44 G633si 10169-30 25.06.2020 25.06.2020 Libro y Folleto Colección Dominicana de Servicio e. 3   Perteneció a la biblioteca personal de Erick Landestoy.
      Dominicana de Servicio Patrimonio Dominicano Patrimonio Dominicano Depósito 17.08.2015 LF1   RD861.44 G633si 10169-40 25.06.2020 25.06.2020 Libro y Folleto Colección Dominicana de Servicio e. 4    

Powered by Koha